| 000 | 00577nam a22001815i 4500 | ||
|---|---|---|---|
| 001 | 164280 | ||
| 003 | ES-MaACL | ||
| 005 | 20230906212915.0 | ||
| 008 | 010427s1851 it |||| | ita d | ||
| 040 |
_aCAM _bspa _cCAM |
||
| 245 | 0 | 0 | _aSaggio intorno al socialismo e alle dottrine e tendenze socialistiche. |
| 260 |
_aTorino : _b[s.n.], _c1851 ( _fTipografia Zecchi e Bona) |
||
| 300 |
_aXVI, 958 p. ; _c22 cm. |
||
| 650 | 4 |
_aPolítica- _xDoctrinas- _yS. \RXIX\R. _9234158 |
|
| 752 |
_aItalia - _dTurín |
||
| 852 |
_aES-MaACL _jG-12123 _z-- Enc. hol. |
||
| 999 |
_c164280 _d164280 |
||